| 000 | 00836nam a2200253Ia 4500 | ||
|---|---|---|---|
| 003 | OSt | ||
| 005 | 20220918170218.0 | ||
| 006 | a|||||r|||| 00| 0 | ||
| 007 | ta | ||
| 008 | 220917b |||||||| |||| 00| 0 eng d | ||
| 020 |
_a978 81 250 5491 7 (hbk) _cQINR 995.00 |
||
| 024 | _a328,816 | ||
| 037 |
_bIN3939/17-18, 14/03/2018, R. K. Books _cTextual |
||
| 040 |
_aARTS _cARTS _beng |
||
| 041 |
_2eng _aeng |
||
| 082 | _aD65.231, Q4 | ||
| 100 |
_aSangameswaran Priya Au. _927686 |
||
| 245 | 0 |
_aNeoliberalism and water _b complicating the story of reforms in Maharashtra |
|
| 260 |
_aNew Delhi _bOrient Blackswan India _c2014 |
||
| 300 |
_axvi,323p. _ccm. |
||
| 650 |
_aENGINEERING _92968 |
||
| 942 |
_hD65.231, Q4 _cTEXL _2CC |
||
| 999 |
_c133118 _d133118 |
||